00373nam a2200145Ia 4500008004100000020002200041041000800063082001900071100001500090245002200105260003400127300000900161650002700170700003000197220803s9999 xx 000 0 und d a978-81-8465-009-9 aeng a712.36 BHA/SHI aBhagat R B aFlora Of Baramati aBaramatibRani B Bhagatc2008 a450p aLandscape Architecture aDeshmukh R B Shimpale V B